| 000 -LEADER |
| fixed length control field |
01380 a2200277 4500 |
| 003 - CONTROL NUMBER IDENTIFIER |
| control field |
Nust |
| 005 - DATE AND TIME OF LATEST TRANSACTION |
| control field |
20230824082457.0 |
| 010 ## - LIBRARY OF CONGRESS CONTROL NUMBER |
| LC control number |
99029981 |
| 020 ## - INTERNATIONAL STANDARD BOOK NUMBER |
| Terms of availability |
0471056693 (alk. paper) |
| 040 ## - CATALOGING SOURCE |
| Transcribing agency |
Nust |
| 082 00 - DEWEY DECIMAL CLASSIFICATION NUMBER |
| Classification number |
006.4,DUD |
| 100 1# - MAIN ENTRY--PERSONAL NAME |
| Personal name |
Duda, Richard O. |
| 9 (RLIN) |
95532 |
| 245 10 - TITLE STATEMENT |
| Title |
Pattern classification / |
| Statement of responsibility, etc. |
Richard O. Duda, Peter E. Hart, David G. Stork. |
| 250 ## - EDITION STATEMENT |
| Edition statement |
2nd ed. |
| 260 ## - PUBLICATION, DISTRIBUTION, ETC. |
| Place of publication, distribution, etc. |
New York : |
| Name of publisher, distributor, etc. |
Wiley, |
| Date of publication, distribution, etc. |
c2001. |
| 300 ## - PHYSICAL DESCRIPTION |
| Extent |
xx, 654 p. : |
| Other physical details |
ill. ; |
| Dimensions |
27 cm. |
| 505 ## - FORMATTED CONTENTS NOTE |
| Formatted contents note |
Introduction (Pag1), Bayesian Decision Theory (Page-20), Maximum-likelihood and Bayesian parameter estimation (Page-84), Non parametric Techniques (Page-161), Linear Discriminant Function (Page-215), Multi layer Neural Networks (Page-282), Stochastic Methods (Page- 350), Non metric Methods (Page-394), Algorithms - Independent Machine Learning (Page-453),Unsupervised Learning and Clustering (Page-517). |
| 650 #0 - SUBJECT ADDED ENTRY--TOPICAL TERM |
| Topical term or geographic name entry element |
Pattern recognition systems. |
| 9 (RLIN) |
27998 |
| 650 #0 - SUBJECT ADDED ENTRY--TOPICAL TERM |
| Topical term or geographic name entry element |
Statistical decision. |
| 9 (RLIN) |
23511 |
| 700 1# - ADDED ENTRY--PERSONAL NAME |
| Personal name |
Hart, Peter E. |
| Dates associated with a name |
1941- |
| 9 (RLIN) |
95533 |
| 700 1# - ADDED ENTRY--PERSONAL NAME |
| Personal name |
Stork, David G. |
| 9 (RLIN) |
77751 |
| 856 42 - ELECTRONIC LOCATION AND ACCESS |
| Materials specified |
Contributor biographical information |
| Uniform Resource Identifier |
<a href="http://www.loc.gov/catdir/bios/wiley041/99029981.html">http://www.loc.gov/catdir/bios/wiley041/99029981.html</a> |
| 856 42 - ELECTRONIC LOCATION AND ACCESS |
| Materials specified |
Publisher description |
| Uniform Resource Identifier |
<a href="http://www.loc.gov/catdir/description/wiley032/99029981.html">http://www.loc.gov/catdir/description/wiley032/99029981.html</a> |
| 856 42 - ELECTRONIC LOCATION AND ACCESS |
| Materials specified |
Table of Contents |
| Uniform Resource Identifier |
<a href="http://www.loc.gov/catdir/toc/onix03/99029981.html">http://www.loc.gov/catdir/toc/onix03/99029981.html</a> |
| 942 ## - ADDED ENTRY ELEMENTS (KOHA) |
| Source of classification or shelving scheme |
|
| Koha item type |
Book |